000 00607nam a2200193Ia 4500
005 20260120131009.0
008 008 260114s9999 xx 000 0 eng d
020 _a9780191774843
037 _aEBOOK
040 _aCRL
_beng
_cCRL
041 _aeng
_2eng
084 _qCRL
100 _aWall, Bardgett, Behan-Pelletier, Herrick, Jones, Ritz, Six, Strong, van der Putten
_9921730
245 0 _aSoil Ecology and Ecosystem Services
260 _bOxford University PressOxford University Press
_c2013
856 _uhttps://academic.oup.com/book/4275
942 _cEBOOK
999 _c1513640
_d1513640